[Event "Howell (US Am N/2/20)"]
[Site "?"]
[Date "1996.??.??"]
[Round "?"]
[White "Snobeck, Michael"]
[Black "Townsend, Paul"]
[Result "0-1"]
[WhiteElo "1605"]
[BlackElo "1870"]
[PlyCount "84"]
[EventDate "1996.??.??"]

{2/(20)} 1. e4 e6 2. d4 d5 3. e5 c5 4. c3 Nc6 5. Nf3 Nge7 6. Bd3 Bd7 7. dxc5
Ng6 8. Bxg6 hxg6 9. b4 a5 10. Bd2 Qc7 11. Qe2 g5 12. Bxg5 axb4 13. Nbd2 bxc3
14. Nb3 Na5 15. Nxa5 Qxa5 16. Nd4 Bxc5 17. Nb3 Qb4 18. Nxc5 Qxc5 19. Qd1 d4 20.
Bf4 Bb5 21. a4 Ba6 22. f3 Rd8 23. Kf2 d3+ 24. Kg3 Qd4 25. Re1 Rh5 26. Re4 Qc5
27. Be3 Qd5 28. Ra3 c2 29. Qd2 Rxe5 30. Rd4 Qc6 31. Rc3 Qb6 32. Rdxd3 Rxd3 33.
Qxd3 Rxe3 34. Rc8+ Ke7 35. Qxc2 Qd6+ 36. Kh3 Qe5 37. Rc5 Qf4 38. Rc7+ Kf6 39.
Qc1 Bf1 40. Qb2+ Kg6 41. Qxb7 Qh6+ 42. Kg4 Qg5+ 0-1

[Event "Howell (US Am N/5/30)"]
[Site "?"]
[Date "1996.??.??"]
[Round "?"]
[White "Snobeck, Michael"]
[Black "Mann, G."]
[Result "1/2-1/2"]
[WhiteElo "1605"]
[BlackElo "1605"]
[PlyCount "95"]
[EventDate "1996.??.??"]

{5/(30)} 1. e4 c6 2. d4 d5 3. e5 Bf5 4. Nf3 e6 5. Be2 Ne7 6. Nc3 Ng6 7. h3 Nh4
8. O-O Nxf3+ 9. Bxf3 c5 10. Ne2 Nc6 11. c3 Be7 12. Bf4 Qb6 13. b3 h6 14. Qd2 g5
15. Be3 Kd7 16. c4 cxd4 17. Bxd4 Nxd4 18. Nxd4 Bb4 19. Qd1 Bc3 20. Nxf5 Bxa1
21. Qxa1 exf5 22. Bxd5 Raf8 23. Qd1 Kc7 24. Qf3 f4 25. Rd1 Rd8 26. Re1 Rd7 27.
Qe4 Kb8 28. e6 Re8 29. Qe5+ Rc7 30. h4 fxe6 31. hxg5 hxg5 32. Bxe6 Qc5 33. Qxc5
Rxc5 34. Kf1 Rc6 35. Bd5 Rxe1+ 36. Kxe1 Rd6 37. Ke2 b5 38. Kf3 bxc4 39. Bxc4
Rd2 40. a4 Kc7 41. g3 Kd7 42. gxf4 gxf4 43. Kxf4 Rxf2+ 44. Ke3 Rb2 45. Kd3 Kd6
46. Kc3 Rf2 47. Kb4 Kd7 48. Ka5 1/2-1/2

[Event "Howell (US Am N/6/28)"]
[Site "?"]
[Date "1996.??.??"]
[Round "?"]
[White "Snobeck, Michael"]
[Black "Goerke, Jesse"]
[Result "1-0"]
[WhiteElo "1605"]
[BlackElo "1605"]
[PlyCount "81"]
[EventDate "1996.??.??"]

{6/(28)} 1. e4 c5 2. Nf3 d6 3. d4 cxd4 4. Nxd4 Nf6 5. Nc3 g6 6. Be3 Bd7 7. f3
Nc6 8. Qd2 Bg7 9. Bc4 O-O 10. O-O-O e5 11. Nxc6 Bxc6 12. Qxd6 Qxd6 13. Rxd6
Rad8 14. Rxd8 Rxd8 15. Bxa7 Bh6+ 16. Kb1 Bd2 17. Rd1 Ra8 18. Rxd2 Rxa7 19. Nd5
Nxd5 20. exd5 Bd7 21. Be2 f5 22. c4 Kf7 23. c5 Ra5 24. b4 Ra4 25. Rb2 f4 26. b5
Bf5+ 27. Kc1 Ke7 28. d6+ Kd7 29. b6 Ra5 30. Bb5+ Kc8 31. a4 Kd8 32. Rd2 Bd7 33.
c6 Bxc6 34. Bxc6 Rc5+ 35. Rc2 Rxc6 36. Rxc6 bxc6 37. b7 e4 38. b8=Q+ Kd7 39.
fxe4 f3 40. Qc7+ Ke6 41. Qe7# 1-0

[Event "Howell (US Am N/4/5)"]
[Site "?"]
[Date "1996.??.??"]
[Round "?"]
[White "Smith, Walt"]
[Black "Williams, Ron"]
[Result "0-1"]
[WhiteElo "1900"]
[BlackElo "2045"]
[PlyCount "98"]
[EventDate "1996.??.??"]

{4/(5)} 1. Nf3 Nf6 2. c4 e6 3. g3 b6 4. Bg2 Bb7 5. Nc3 Be7 6. O-O O-O 7. d4 d6
8. Qc2 Nbd7 9. e4 Rb8 10. b4 a6 11. a4 c5 12. bxc5 bxc5 13. d5 e5 14. Nh4 g6
15. Bh6 Re8 16. Rfb1 Ng4 17. Bd2 Bxh4 18. h3 Bg5 19. hxg4 Bxd2 20. Qxd2 f6 21.
Rb2 Bc8 22. Rab1 Rxb2 23. Qxb2 g5 24. Bf3 Qa5 25. Bd1 Kg7 26. Ne2 Rh8 27. Qc3
Qxc3 28. Nxc3 Kf7 29. a5 Ke7 30. Ba4 Kd8 31. Nd1 Kc7 32. Ne3 Nb8 33. Rb6 h6 34.
Bc6 Rd8 35. Nf5 Rh8 36. Ne7 Nd7 37. Nxc8 Nxb6 38. Nxb6 Rh7 39. f3 Rf7 40. Kf2
Rh7 41. Be8 Rh8 42. Bd7 Rb8 43. Be6 Rd8 44. Ke3 Rb8 45. Kd3 Rh8 46. Kc3 Rd8 47.
Bf5 Rf8 48. Kc2 Rd8 49. Be6 Rb8 {[Remainder illegible; 0-1, 137?]} 0-1

[Event "Lansing (MI Op/2/2)"]
[Site "?"]
[Date "1996.??.??"]
[Round "?"]
[White "Smith, Walt"]
[Black "Thompson, Dexter"]
[Result "0-1"]
[WhiteElo "2065"]
[BlackElo "2290"]
[PlyCount "54"]
[EventDate "1996.??.??"]

{2/(2)} 1. Nf3 Nf6 2. c4 e6 3. g3 c5 4. Bg2 Nc6 5. O-O Be7 6. d4 cxd4 7. Nxd4
O-O 8. Nc3 Nxd4 9. Qxd4 d6 10. Be3 a6 11. Na4 Nd7 12. Rfd1 Rb8 13. Rac1 b5 14.
cxb5 axb5 15. Nc3 Bb7 16. Ne4 d5 17. Bf4 Rc8 18. Rxc8 Bxc8 19. Nd6 e5 20. Bxe5
Nxe5 21. Nxc8 Bf6 22. Qb6 Qxc8 23. Qxb5 Qc2 24. Rxd5 Nc4 25. Bf3 Qc1+ 26. Kg2
Nd2 27. h3 Qf1+ 0-1

[Event "Howell (US Am N/2/5)"]
[Site "?"]
[Date "1996.??.??"]
[Round "?"]
[White "Smith, Walt"]
[Black "Hartwig, Thomas"]
[Result "1/2-1/2"]
[WhiteElo "2045"]
[BlackElo "1760"]
[PlyCount "123"]
[EventDate "1996.??.??"]

{2/(5)} 1. c4 g6 2. Nc3 Bg7 3. Nf3 Nf6 4. e4 d6 5. d4 O-O 6. Be2 e5 7. dxe5
dxe5 8. Bg5 c6 9. O-O Bg4 10. Nxe5 Qxd1 11. Bxd1 Bxd1 12. Raxd1 Nxe4 13. Nxe4
Bxe5 14. Be7 Re8 15. Nf6+ Bxf6 16. Bxf6 Na6 17. f3 Re6 18. Bc3 Nc5 19. Bb4 Na6
20. Bc3 Rae8 21. Rf2 Kf8 22. Rd7 R8e7 23. Rd8+ Re8 24. Rfd2 Re1+ 25. Kf2 R1e2+
26. Rxe2 Rxd8 27. Bf6 Rd7 28. Bc3 c5 29. h4 Nb4 30. Bd2 f6 31. a3 Nd3+ 32. Kg3
Re7 33. Bh6+ Kf7 34. Rd2 Ne5 35. Rc2 Nc6 36. Kf2 Nd4 37. Rd2 Nf5 38. Bf4 Nxh4
39. g4 g5 40. Bb8 b6 41. f4 Ng6 42. fxg5 fxg5 43. Rd5 h6 44. Kf3 Kf6 45. Rd6+
Kg7 46. Rd5 Rf7+ 47. Kg3 Nh4 48. Be5+ Kh7 49. Rd3 Ng6 50. Bb8 Nf4 51. Bxf4
gxf4+ 52. Kf3 Kg6 53. b4 Rc7 54. b5 Rf7 55. Rd6+ Rf6 56. Rc6 Kg7 57. a4 Rf7 58.
a5 Rf6 59. axb6 axb6 60. Kf2 Kf7 61. Rc8 Rd6 62. Kf3 1/2-1/2

[Event "Lansing (MI Op/5/17)"]
[Site "?"]
[Date "1996.??.??"]
[Round "?"]
[White "Smith, Walt"]
[Black "Garrison, Ray"]
[Result "0-1"]
[WhiteElo "2065"]
[BlackElo "1925"]
[PlyCount "51"]
[EventDate "1996.??.??"]

{5/(17)} 1. Nf3 Nf6 2. c4 g6 3. Nc3 Bg7 4. g3 d6 5. Bg2 e5 6. O-O Nc6 7. e3 Bg4
8. Qb3 Qc8 9. d4 Nd7 10. Re1 O-O 11. dxe5 Ndxe5 12. Nxe5 Nxe5 13. Qxb7 Qxb7 14.
Bxb7 Rab8 15. Bd5 Nd3 16. Kf1 Bh3+ 17. Ke2 Nxe1 18. Kxe1 Bxc3+ 19. bxc3 Be6 20.
Ba3 Rb6 21. Bb4 Rfb8 22. Rd1 Ra6 23. c5 Bxd5 24. cxd6 cxd6 25. Rxd5 Rxa2 26.
Rd1 {[Remainder illegible; 0-1, 60?]} 0-1

[Event "Lansing (MOR/7/21)"]
[Site "?"]
[Date "1996.??.??"]
[Round "?"]
[White "Smith, Robert"]
[Black "Royster, H."]
[Result "1-0"]
[WhiteElo "1670"]
[BlackElo "1605"]
[PlyCount "119"]
[EventDate "1996.??.??"]

{7/(21)} 1. d4 d5 2. c4 c6 3. Nc3 Nf6 4. cxd5 cxd5 5. Nf3 e6 6. Bg5 Bb4 7. Rc1
Nbd7 8. Qc2 O-O 9. Nd2 Qe8 10. e3 Ne4 11. Ndxe4 dxe4 12. Qxe4 Nb6 13. Bd3 f5
14. Qf3 Nd5 15. O-O Bxc3 16. bxc3 Bd7 17. c4 Nb4 18. Bb1 Bc6 19. Qh3 Be4 20. a3
Nc6 21. Bxe4 fxe4 22. Qg3 Ne7 23. Bxe7 Qxe7 24. c5 Rf5 25. Qg4 Raf8 26. Qxe4
R8f6 27. Rb1 Rd5 28. a4 Rh6 29. Rb2 Qc7 30. f4 Qe7 31. g3 Rf6 32. Rfb1 Rf7 33.
Rxb7 Rd7 34. Rxd7 Qxd7 35. Rb8+ Rf8 36. Rxf8+ Kxf8 37. Qxh7 Qxa4 38. Qe4 Qa1+
39. Kg2 Qa2+ 40. Kh3 Kg8 41. Qa8+ Kh7 42. Qe4+ Kg8 43. Qe5 a5 44. c6 Qc4 45.
Qd6 a4 46. c7 Qf1+ 47. Kh4 Kh7 48. c8=Q Qf2 49. Qdxe6 Qxh2+ 50. Qh3 Qxh3+ 51.
Kxh3 Kh6 52. Qa6+ g6 53. Qxa4 g5 54. Kg4 gxf4 55. gxf4 Kg6 56. Qc6+ Kg7 57. Kg5
Kf7 58. Qf6+ Ke8 59. Qg7 Kd8 60. Kf6 1-0

[Event "Lansing (MOR/3/22)"]
[Site "?"]
[Date "1996.??.??"]
[Round "?"]
[White "Smith, Robert"]
[Black "Montgomery, D."]
[Result "1-0"]
[WhiteElo "1670"]
[BlackElo "1605"]
[PlyCount "43"]
[EventDate "1996.??.??"]

{3/(22)} 1. d4 d5 2. c4 Nf6 3. Nc3 e6 4. cxd5 exd5 5. Bg5 c6 6. e3 Nbd7 7. Bd3
Be7 8. Nf3 O-O 9. O-O h6 10. Bh4 Re8 11. Rc1 a6 12. Re1 Bd6 13. Bb1 Qc7 14. e4
dxe4 15. Nxe4 Nxe4 16. Bxe4 Nf8 17. Bh7+ Kxh7 18. Rxe8 Ne6 19. d5 Qd7 20. dxe6
fxe6 21. Ng5+ hxg5 22. Qh5# 1-0

[Event "Lansing (MOR/5/24)"]
[Site "?"]
[Date "1996.??.??"]
[Round "?"]
[White "Smith, Robert"]
[Black "Cowans, Winston"]
[Result "1-0"]
[WhiteElo "1670"]
[BlackElo "1605"]
[PlyCount "53"]
[EventDate "1996.??.??"]

{5/(24)} 1. d4 d6 2. Nf3 Nf6 3. Nc3 g6 4. b3 Bg7 5. Bb2 O-O 6. e3 Bg4 7. h3
Bxf3 8. Qxf3 c6 9. Bd3 Nbd7 10. O-O-O e5 11. g4 Re8 12. h4 d5 13. Qg2 exd4 14.
exd4 Nf8 15. h5 Bh6+ 16. g5 Bg7 17. gxf6 Qxf6 18. hxg6 fxg6 19. Kb1 b5 20. Nxd5
cxd5 21. Qxd5+ Kh8 22. Bxb5 Red8 23. Qg2 a5 24. a4 Rdc8 25. Bc4 Rab8 26. Qd5
Ra8 27. Qg8# 1-0

[Event "Lansing (MOR/1b/10)"]
[Site "?"]
[Date "1996.??.??"]
[Round "?"]
[White "Smith, Robert"]
[Black "Andreas, L."]
[Result "0-1"]
[WhiteElo "1670"]
[BlackElo "1605"]
[PlyCount "77"]
[EventDate "1996.??.??"]

1. d4 Nf6 2. c4 e5 3. dxe5 Ng4 4. Nf3 Nc6 5. Bf4 Bb4+ 6. Nbd2 d6 7. exd6 Bxd6
8. Bxd6 Qxd6 9. e3 Bf5 10. a3 O-O 11. Be2 Rad8 12. O-O Nce5 13. Nd4 Qh6 14.
Bxg4 Nxg4 15. h3 Nxe3 16. Nxf5 Nxf5 17. Qg4 Ne3 18. fxe3 Qxe3+ 19. Kh1 Rxd2 20.
Rae1 Qd4 21. Rf4 Qd7 22. Qxd7 Rxd7 23. Rfe4 Rdd8 24. Re7 Rc8 25. Kh2 g6 26. b4
Kg7 27. Rd7 Rfd8 28. Ree7 Rxd7 29. Rxd7 h5 30. Kg3 Kf6 31. h4 Ke6 32. Rd3 f5
33. Kf4 Kf6 34. g3 Re8 35. Re3 Rxe3 36. Kxe3 Ke5 37. Kf3 a6 38. Ke3 c6 39. c5
0-1

[Event "Ann Arbor (Mini-Swiss/2/3)"]
[Site "?"]
[Date "1996.??.??"]
[Round "?"]
[White "Smith, Mike A"]
[Black "Poenisch, Volker"]
[Result "1/2-1/2"]
[WhiteElo "1940"]
[BlackElo "1940"]
[PlyCount "52"]
[EventDate "1996.??.??"]

{2/(3)} 1. a3 Nf6 2. Nf3 g6 3. d4 Bg7 4. c4 O-O 5. Nc3 d5 6. e3 c6 7. Bd3 dxc4
8. Bxc4 Bg4 9. O-O Nbd7 10. h3 Bxf3 11. Qxf3 e5 12. d5 cxd5 13. Bxd5 Nxd5 14.
Qxd5 Qc8 15. Ne4 Nb6 16. Qb3 Rd8 17. Bd2 Qc4 18. Qxc4 Nxc4 19. Bc3 Nd6 20. Nxd6
Rxd6 21. Rfd1 Rad8 22. Rxd6 Rxd6 23. Ba5 Rd7 24. Rc1 f5 25. Kf1 Kf7 26. Ke2 e4
1/2-1/2

[Event "Detroit (MI Team/2/1/3)"]
[Site "?"]
[Date "1996.??.??"]
[Round "?"]
[White "Smith, Mike A"]
[Black "Drkulec, Vladimir"]
[Result "1-0"]
[WhiteElo "1940"]
[BlackElo "2140"]
[PlyCount "54"]
[EventDate "1996.??.??"]

{2/1} 1. e4 e5 2. Nf3 Nc6 3. Bb5 a6 4. Ba4 Nf6 5. O-O Be7 6. Re1 b5 7. Bb3 O-O
8. c3 d5 9. exd5 Nxd5 10. Nxe5 Nxe5 11. Rxe5 c6 12. d4 Bd6 13. Re1 Qh4 14. g3
Qh3 15. Be3 Bg4 16. Qd3 Rae8 17. Nd2 Re6 18. Qf1 Qh5 19. a4 Nxe3 20. Rxe3 Rh6
21. Qg2 Kh8 22. axb5 axb5 23. Rae1 f5 24. f4 c5 25. Re6 cxd4 26. Rxh6 gxh6 27.
Qd5 Rd8 1-0

[Event "Lansing (MI Op/3/30)"]
[Site "?"]
[Date "1996.??.??"]
[Round "?"]
[White "Smith, Mike A"]
[Black "Croel, Duane"]
[Result "0-1"]
[WhiteElo "1950"]
[BlackElo "1830"]
[PlyCount "70"]
[EventDate "1996.??.??"]

{3/(30)} 1. e4 c5 2. Nc3 Nc6 3. f4 g6 4. Nf3 Bg7 5. Bc4 e6 6. d3 Nge7 7. O-O
Nd4 8. Be3 Nec6 9. Bf2 a6 10. a4 Qc7 11. Bg3 Nxf3+ 12. Qxf3 Nd4 13. Qd1 O-O 14.
f5 Be5 15. fxg6 Bxg3 16. gxh7+ Kh8 17. hxg3 Qxg3 18. Qd2 Qg6 19. Ne2 Nxe2+ 20.
Qxe2 b6 21. Rf3 Bb7 22. Raf1 f5 23. Rf4 Rf6 24. exf5 exf5 25. Bg8 Re8 26. Qf2
Re3 27. g4 Rh3 28. Qe2 Qh6 29. Bd5 Rh1+ 30. Bxh1 Qxh1+ 31. Kf2 Qg2+ 32. Ke3
Re6+ 33. Re4 Bxe4 34. dxe4 Rxe4+ 35. Kd3 Rxe2 0-1

[Event "Lansing (MI Op/1a/2)"]
[Site "?"]
[Date "1996.??.??"]
[Round "?"]
[White "Smith, Mike A"]
[Black "Ciaffone, Bob"]
[Result "0-1"]
[WhiteElo "1950"]
[BlackElo "2240"]
[PlyCount "53"]
[EventDate "1996.??.??"]

1. e4 c5 2. Nc3 Nc6 3. f4 g6 4. Nf3 Bg7 5. Bc4 e6 6. O-O Nge7 7. d3 Na5 8. Be3
b6 9. Bf2 O-O 10. Bh4 Nxc4 11. dxc4 Bxc3 12. bxc3 f6 13. Qd6 Rf7 14. Rfd1 Qe8
15. Rd2 Bb7 16. Re1 Bc6 17. g4 Nc8 18. Qd3 d6 19. Kf2 Rb8 20. f5 e5 21. Rg1 g5
22. Bxg5 fxg5 23. Nxg5 Rf8 24. Qh3 Rb7 25. Ke3 Bd7 26. Ne6 Bxe6 27. fxe6 {
[Remainder illegible; 0-1, 38?]} 0-1

[Event "Lansing (MI Op/5/28)"]
[Site "?"]
[Date "1996.??.??"]
[Round "?"]
[White "Smith, Mike A"]
[Black "Burch, Daniel"]
[Result "1-0"]
[WhiteElo "1950"]
[BlackElo "1735"]
[PlyCount "29"]
[EventDate "1996.??.??"]

{5/(28)} 1. e4 e5 2. Nf3 Nc6 3. Bb5 d6 4. O-O Bg4 5. c3 Nf6 6. d4 exd4 7. cxd4
a6 8. Ba4 b5 9. Bc2 Bxf3 10. gxf3 Be7 11. Kh1 Qd7 12. Rg1 Nh5 13. Nc3 {
[Remainder illegible; 1-0, 27?]} Bf6 14. Be3 Ne7 15. Qe2 {[Remainder illegible;
1-0, 27?]} 1-0

[Event "Howell (US Am N/5/4)"]
[Site "?"]
[Date "1996.??.??"]
[Round "?"]
[White "Smith, Michael R"]
[Black "Williams, Ron"]
[Result "1-0"]
[WhiteElo "2020"]
[BlackElo "1900"]
[PlyCount "137"]
[EventDate "1996.??.??"]

{5/(4)} 1. e4 c5 2. Nf3 Nc6 3. d4 cxd4 4. Nxd4 e6 5. Nc3 a6 6. Be2 Nge7 7. Be3
Nxd4 8. Bxd4 Nc6 9. Be3 b5 10. O-O Be7 11. f4 O-O 12. Kh1 Bb7 13. Bf3 Qc7 14.
Qe1 Rac8 15. Rd1 d6 16. Qf2 Qb8 17. Qg3 Bf6 18. e5 dxe5 19. Ne4 Be7 20. fxe5
Qxe5 21. Bf4 Qxb2 22. Nd6 Ba8 23. Bxc6 Bf6 24. Bxa8 Rxa8 25. Ne4 Kh8 26. Nxf6
gxf6 27. Qb3 Qxb3 28. cxb3 Kg7 29. Rd6 Rfc8 30. Kg1 Rc5 31. Rc1 Rxc1+ 32. Bxc1
Kg6 33. Be3 h5 34. Kf2 Kf5 35. Kf3 e5 36. Bh6 Kg6 37. Bd2 Kf5 38. h3 Ra7 39.
g4+ hxg4+ 40. hxg4+ Kg6 41. Ba5 Re7 42. Rxa6 Rd7 43. Ke3 Rd4 44. Bc3 Rd1 45.
Ke2 Rg1 46. Bxe5 Rxg4 47. Rxf6+ Kg5 48. Kf3 Rg1 49. Kf2 Rd1 50. Rxf7 Rd2+ 51.
Ke3 Rxa2 52. Rb7 Kf5 53. Rxb5 Ke6 54. b4 Kd7 55. Rc5 Ra3+ 56. Rc3 Ra4 57. Rb3
Kc6 58. b5+ Kb7 59. b6 Rh4 60. Rb1 Ra4 61. Kd3 Ra6 62. Bc7 Ra4 63. Kc3 Ra5 64.
Kc4 Ra2 65. Kb5 Rg2 66. Bd6 Rd2 67. Bc5 Rc2 68. Rh1 Rb2+ 69. Bb4 1-0

[Event "Howell (US Am N/3/7)"]
[Site "?"]
[Date "1996.??.??"]
[Round "?"]
[White "Smith, Michael R"]
[Black "Townsend, Paul"]
[Result "1/2-1/2"]
[WhiteElo "2020"]
[BlackElo "1870"]
[PlyCount "46"]
[EventDate "1996.??.??"]

{3/(7)} 1. e4 e6 2. d4 b6 3. Nc3 Bb7 4. Be3 Bb4 5. Bd3 Nf6 6. f3 d5 7. e5 Nfd7
8. a3 Be7 9. Nce2 c5 10. c3 Nc6 11. Nh3 c4 12. Bc2 b5 13. O-O a5 14. f4 f5 15.
exf6 Nxf6 16. Ng3 Bd6 17. Qe2 Qe7 18. Rae1 O-O-O 19. Bc1 Rde8 20. Ng5 Nd8 21.
Nf3 Qc7 22. Ne5 g6 23. Nh1 a4 1/2-1/2

[Event "Howell (US Am N/2/9)"]
[Site "?"]
[Date "1996.??.??"]
[Round "?"]
[White "Smith, Michael R"]
[Black "Libby, Dan"]
[Result "1-0"]
[WhiteElo "2020"]
[BlackElo "1740"]
[PlyCount "41"]
[EventDate "1996.??.??"]

{2/(9)} 1. e4 c5 2. Nf3 Nc6 3. d4 cxd4 4. Nxd4 g6 5. c4 Bg7 6. Be3 Qa5+ 7. Nc3
Nxd4 8. Bxd4 Nf6 9. Be2 e5 10. b4 Qxb4 11. Bxe5 Nxe4 12. Bxg7 f6 13. O-O Nxc3
14. Qe1 Qe7 15. Bxh8 Nxe2+ 16. Kh1 Kf7 17. Qd2 d5 18. Rae1 dxc4 19. Rxe2 Qd7
20. Qh6 Kg8 21. Rfe1 1-0

[Event "Kalamazoo (MI Am/5/11)"]
[Site "?"]
[Date "1996.??.??"]
[Round "?"]
[White "Smith, Les L"]
[Black "Nixon, Peter"]
[Result "1-0"]
[WhiteElo "1980"]
[BlackElo "1605"]
[PlyCount "25"]
[EventDate "1996.??.??"]

{5/(11)} 1. f4 c5 2. Nf3 Nc6 3. e3 Nf6 4. d4 cxd4 5. exd4 d5 6. c3 e6 7. Bd3
Be7 8. Nbd2 O-O 9. Ne5 Nxe5 10. fxe5 Nd7 11. O-O f6 12. Qh5 h6 13. Qg6 1-0

[Event "Kalamazoo (MI Am/3/23)"]
[Site "?"]
[Date "1996.??.??"]
[Round "?"]
[White "Smith, Les L"]
[Black "Hosking, R."]
[Result "1-0"]
[WhiteElo "1980"]
[BlackElo "1605"]
[PlyCount "109"]
[EventDate "1996.??.??"]

{3/(23)} 1. f4 e6 2. Nf3 Nc6 3. e3 a6 4. d4 d5 5. c3 Nf6 6. Bd3 Be7 7. Nbd2 h6
8. O-O Bd6 9. Ne5 Bxe5 10. fxe5 Ng8 11. e4 dxe4 12. Bxe4 Nge7 13. Qg4 O-O 14.
Nf3 Ng6 15. Bxg6 fxg6 16. Qxg6 Ne7 17. Qe4 Rf7 18. Bd2 c6 19. Nh4 Rxf1+ 20.
Rxf1 Bd7 21. Rf3 Nf5 22. Nxf5 exf5 23. Qe1 Be6 24. b3 Qd7 25. Qg3 Kh7 26. h4
Rg8 27. h5 Qf7 28. Qh4 Qe8 29. Rg3 Bf7 30. Qf4 Qe6 31. Qf3 Rh8 32. c4 Kg8 33.
Bc3 Kf8 34. Qd1 Rg8 35. Rd3 g6 36. d5 cxd5 37. cxd5 Qe7 38. Qd2 Ke8 39. e6 gxh5
40. exf7+ Kxf7 41. Qxh6 Qe2 42. Qe6+ Qxe6 43. dxe6+ Kxe6 44. Kf2 Rg4 45. Re3+
Re4 46. Rxe4+ fxe4 47. Ke3 Kf5 48. a4 h4 49. Be1 Kg4 50. Kxe4 h3 51. gxh3+ Kxh3
52. Kd5 Kg4 53. Kc5 Kf5 54. Kb6 Ke6 55. Kxb7 1-0

[Event "Kalamazoo (MI Am/1/3)"]
[Site "?"]
[Date "1996.??.??"]
[Round "?"]
[White "Smeltzer, P."]
[Black "Skidmore, Jennifer"]
[Result "0-1"]
[WhiteElo "1605"]
[BlackElo "1905"]
[PlyCount "58"]
[EventDate "1996.??.??"]

{1/(3)} 1. d4 d5 2. c4 e6 3. Nc3 c6 4. e4 dxc4 5. Bxc4 Bb4 6. Nge2 Nf6 7. f3
Nbd7 8. O-O b5 9. Bb3 Qb6 10. a3 Be7 11. Kh1 Bb7 12. d5 cxd5 13. exd5 e5 14. f4
Bd6 15. Qe1 O-O 16. Qf2 Bc5 17. Qh4 b4 18. Na4 Qb5 19. Qe1 bxa3 20. Nec3 Qxb3
21. Rxa3 Bxa3 22. bxa3 Rae8 23. Rf3 exf4 24. Qh4 Qc2 25. Rf1 Nxd5 26. Qg4 N7f6
27. Qh3 Ne3 28. Bxe3 Rxe3 29. Qh4 Qxg2# 0-1

[Event "Detroit (Class DE/2/4)"]
[Site "?"]
[Date "1996.??.??"]
[Round "?"]
[White "Smeckert, Dennis"]
[Black "Jackson, Don"]
[Result "1-0"]
[WhiteElo "1605"]
[BlackElo "1605"]
[PlyCount "123"]
[EventDate "1996.??.??"]

{2/(4)} 1. e4 g5 2. d4 h6 3. Nc3 Bg7 4. Be3 c5 5. Bc4 e6 6. Qd2 a6 7. dxc5 Qe7
8. Nge2 Be5 9. O-O Bc7 10. Na4 Nc6 11. Nb6 Bxb6 12. cxb6 Nf6 13. Bd3 d5 14. Qc3
O-O 15. Bc5 Qd8 16. Bxf8 Kxf8 17. e5 Nd7 18. Nd4 Nxd4 19. Qxd4 Nxb6 20. f4 Nd7
21. fxg5 Qxg5 22. Rf3 Qxe5 23. Qxe5 Nxe5 24. Rh3 Kg7 25. Re1 Ng4 26. Rg3 h5 27.
h3 f5 28. hxg4 hxg4 29. a3 b5 30. b3 Kf6 31. Rge3 Bd7 32. Kf2 f4 33. Re5 Rh8
34. c4 d4 35. cxb5 Rb8 36. Rh5 axb5 37. Reh1 Bc6 38. Rh6+ Ke7 39. Rh7+ Kd6 40.
R1h6 Bd5 41. Rf6 f3 42. gxf3 gxf3 43. Bc2 Rc8 44. Bd1 Rc3 45. Ra7 Rd3 46. Bxf3
Bxb3 47. Rff7 Rc3 48. Rad7+ Ke5 49. Rh7 Bc4 50. Rh5+ Kf6 51. Rxd4 Rxa3 52. Re4
Rc3 53. Rh3 b4 54. Rf4+ Ke5 55. Re4+ Kf6 56. Rf4+ Ke5 57. Rhh4 Rc2+ 58. Kg3 b3
59. Rxc4 b2 60. Rb4 Kd6 61. Rh2 Kc5 62. Rxb2 1-0

[Event "Lansing (MOR/5/31)"]
[Site "?"]
[Date "1996.??.??"]
[Round "?"]
[White "Smalec, Joseph"]
[Black "Vorhauer, Sam"]
[Result "0-1"]
[WhiteElo "1605"]
[BlackElo "1605"]
[PlyCount "68"]
[EventDate "1996.??.??"]

{5/(31)} 1. d4 d5 2. Nf3 e6 3. Nbd2 f5 4. e3 Nf6 5. Bd3 Nbd7 6. b3 c5 7. Bb2
Bd6 8. Ba3 a6 9. c4 Qe7 10. Qe2 O-O 11. h3 cxd4 12. Bxd6 Qxd6 13. exd4 Ne4 14.
O-O b6 15. Rac1 Bb7 16. cxd5 exd5 17. Bxe4 fxe4 18. Ng5 h6 19. Ngxe4 dxe4 20.
Nxe4 Bxe4 21. Qxe4 Nf6 22. Qg6 Rac8 23. Qf5 Rxc1 24. Rxc1 Qxd4 25. Rc8 Qd1+ 26.
Kh2 Qd6+ 27. g3 Rxc8 28. Qxc8+ Qf8 29. Qe6+ Kh8 30. Qxb6 Nd5 31. Qxa6 Qxf2+ 32.
Kh1 Qf3+ 33. Kh2 Ne3 34. Qc8+ Kh7 0-1

[Event "Lansing (MOR/3/51)"]
[Site "?"]
[Date "1996.??.??"]
[Round "?"]
[White "Smalec, Joseph"]
[Black "Tobias, D."]
[Result "1-0"]
[WhiteElo "1605"]
[BlackElo "1605"]
[PlyCount "59"]
[EventDate "1996.??.??"]

{3/(51)} 1. d4 d6 2. Nf3 Nc6 3. e3 e5 4. c4 exd4 5. Nxd4 Nxd4 6. exd4 Nf6 7.
Nc3 d5 8. Bf4 Bg4 9. Qd2 dxc4 10. Bxc4 Bb4 11. O-O Ne4 12. Rae1 Bf5 13. Qc1 O-O
14. Re3 Re8 15. a3 Bxc3 16. bxc3 c5 17. dxc5 Nxc5 18. Rd1 Qf6 19. Rd6 Re6 20.
Bxe6 Nxe6 21. h3 g5 22. Rg3 h6 23. Qe3 Qe7 24. h4 f6 25. Be5 fxe5 26. Qxe5 Rf8
27. f4 Kf7 28. Qxf5+ Qf6 29. Qh7+ Ke8 30. Qd7# 1-0

[Event "Howell (US Am N/5/41)"]
[Site "?"]
[Date "1996.??.??"]
[Round "?"]
[White "Smalec, Joseph"]
[Black "Sullivant-Jones, W."]
[Result "1/2-1/2"]
[WhiteElo "1605"]
[BlackElo "1605"]
[PlyCount "40"]
[EventDate "1996.??.??"]

{5/(41)} 1. d4 Nf6 2. Nc3 d5 3. Nf3 Bg4 4. Bf4 c6 5. g3 e6 6. Bg2 Nbd7 7. a3 c5
8. Qd2 cxd4 9. Qxd4 Bc5 10. Qd2 Qb6 11. O-O-O Qc6 12. Ne5 Nxe5 13. Bxe5 Be7 14.
Qf4 Bf5 15. Bf3 h6 16. Bxf6 Bxf6 17. Bxd5 Bg5 18. Bxc6+ bxc6 19. e3 Bxf4 20.
exf4 Ke7 1/2-1/2

[Event "Howell (US Am N/2/41)"]
[Site "?"]
[Date "1996.??.??"]
[Round "?"]
[White "Smalec, Joseph"]
[Black "Neely, Richard"]
[Result "1-0"]
[WhiteElo "1605"]
[BlackElo "1605"]
[PlyCount "49"]
[EventDate "1996.??.??"]

{2/(41)} 1. d4 Nf6 2. Nc3 d6 3. Nf3 g6 4. e4 Bg7 5. Bc4 Bg4 6. Bg5 O-O 7. Qe2
Nbd7 8. h3 Bxf3 9. Qxf3 c5 10. dxc5 Nxc5 11. O-O-O Nfd7 12. Rxd6 h6 13. Rxg6
Ne5 14. Bxh6 Nxf3 15. Rxg7+ Kh8 16. gxf3 Ne6 17. Bxe6 fxe6 18. Rhg1 a6 19. R7g4
Rf7 20. Rh4 Rh7 21. Bg7+ Kg8 22. Be5+ Kf8 23. Rxh7 Qb6 24. Rh8+ Kf7 25. Rg7#
1-0

[Event "Cadillac Open/3/23"]
[Site "?"]
[Date "1996.??.??"]
[Round "?"]
[White "Smalec, Joseph"]
[Black "Feguer, Dan"]
[Result "1-0"]
[WhiteElo "1605"]
[BlackElo "1605"]
[PlyCount "53"]
[EventDate "1996.??.??"]

{3/23} 1. d4 d5 2. Nf3 Nf6 3. Nbd2 Nc6 4. b3 e6 5. g3 Bb4 6. Bb2 Bxd2+ 7. Qxd2
O-O 8. Bg2 b6 9. Ne5 Nxe5 10. dxe5 Ne4 11. Bxe4 dxe4 12. Qe3 Bb7 13. Ba3 Re8
14. O-O Rc8 15. Rfd1 Bd5 16. c4 Qd7 17. cxd5 exd5 18. Qxe4 Qe6 19. Rxd5 c5 20.
Rd6 Qe7 21. Rad1 Qc7 22. Qf4 Re7 23. Qg5 Rd7 24. Rxd7 Qb8 25. Rd8+ Rxd8 26.
Rxd8+ Qxd8 27. Qxd8# 1-0

[Event "Cadillac Open/1b/8"]
[Site "?"]
[Date "1996.??.??"]
[Round "?"]
[White "Smalec, Joseph"]
[Black "Estlick, Laurence"]
[Result "0-1"]
[WhiteElo "1605"]
[BlackElo "1995"]
[PlyCount "46"]
[EventDate "1996.??.??"]

1. d4 e6 2. Nf3 Nf6 3. Nc3 b6 4. Bf4 Bb7 5. g3 Be7 6. Bg2 O-O 7. O-O d6 8. Re1
Nbd7 9. e4 Rc8 10. e5 dxe5 11. dxe5 Nd5 12. Nxd5 Bxd5 13. b3 c5 14. c4 Bb7 15.
Rb1 Qc7 16. a3 Rfd8 17. Qc2 Nf8 18. Bh3 Bxf3 19. Re3 Bb7 20. Rd1 Ng6 21. Red3
Qc6 22. Rxd8+ Rxd8 23. Rxd8+ Bxd8 0-1

[Event "Howell (US Am N/4/39)"]
[Site "?"]
[Date "1996.??.??"]
[Round "?"]
[White "Smalec, Joseph"]
[Black "Carpenter, George"]
[Result "0-1"]
[WhiteElo "1605"]
[BlackElo "1605"]
[PlyCount "54"]
[EventDate "1996.??.??"]

{4/(39)} 1. d4 d5 2. Nc3 Nf6 3. Nf3 g6 4. Bf4 Bg7 5. e3 O-O 6. Bd3 Nbd7 7. h3
c5 8. Nb5 a6 9. Bc7 Qe8 10. Nd6 exd6 11. Bxd6 c4 12. Be2 b5 13. Bxf8 Qxf8 14.
O-O Ne4 15. Nd2 Ndf6 16. Bf3 Qe7 17. Nxe4 Nxe4 18. Bxe4 Qxe4 19. Qe2 Bxd4 20.
c3 Bg7 21. f3 Qh4 22. Rad1 Be6 23. Rd4 Bxd4 24. exd4 Qg3 25. Re1 Bxh3 26. Qf2
Qxf2+ 27. Kxf2 Be6 0-1